| 000 | 01173nam a2200313Ia 4500 | ||
|---|---|---|---|
| 001 | ebr10196798 | ||
| 003 | CaPaEBR | ||
| 006 | m u | ||
| 007 | cr cn||||||||| | ||
| 008 | 030529s2003 quc s 000 p eng d | ||
| 016 | _z20039033619 | ||
| 020 | _z0773526838 | ||
| 040 |
_aCaPaEBR _cCaPaEBR |
||
| 035 | _a(OCoLC)226374731 | ||
| 050 | 1 | 4 |
_aPS8537.O4 _bF73 2003eb |
| 082 | 0 | 4 |
_aC811/.54 _221 |
| 100 | 1 | _aSolway, David. | |
| 245 | 1 | 0 |
_aFranklin's passage _h[electronic resource] / _cDavid Solway. |
| 260 |
_aMontreal : _bMcGill-Queen's University Press, _cc2003. |
||
| 300 | _a75 p. | ||
| 490 | 1 |
_aHugh MacLennan poetry series ; _v13 |
|
| 533 |
_aElectronic reproduction. _bPalo Alto, Calif. : _cebrary, _d2009. _nAvailable via World Wide Web. _nAccess may be limited to ebrary affiliated libraries. |
||
| 600 | 1 | 0 |
_aFranklin, John, _cSir, _d1786-1847 _vPoetry. |
| 650 | 0 |
_aSelf (Philosophy) _vPoetry. |
|
| 655 | 7 |
_aElectronic books. _2local |
|
| 710 | 2 | _aebrary, Inc. | |
| 830 | 0 |
_aHugh MacLennan poetry series ; _v13. |
|
| 856 | 4 | 0 |
_uhttp://site.ebrary.com/lib/rucke/Doc?id=10196798 _zAn electronic book accessible through the World Wide Web; click to view |
| 999 |
_c115060 _d115060 |
||